Command-level CICS programming
| Main Author: | |
|---|---|
| Format: | Book |
| Published: |
New York :
McGraw-Hill ,
1992
|
| Subjects: |
MARC
| LEADER | 00000cam a2200000 7i4500 | ||
|---|---|---|---|
| 001 | 0000000532 | ||
| 005 | 20000828.0 | ||
| 020 | 0 | 0 | |a 0830667059 |
| 090 | 0 | 0 | |a 005.43 |b VAR 1992 |
| 100 | 1 | 0 | |a VARSEGI |h Alex |
| 245 | 1 | 0 | |a Command-level CICS programming |c Alex Varsegi |
| 260 | 0 | 0 | |a New York : |b McGraw-Hill , |c 1992 |
| 300 | |a xiii, 282 p. ; |c 24 cm. | ||
| 500 | 0 | 0 | |a Includes index |
| 650 | 0 | 0 | |a CICS (Computer system) |
| 650 | 0 | 0 | |a Systems programming (Computer science) |
| 999 | |a 0000000345 |b Monograph |c Open Shelf |e Default branch | ||